000 00471 a2200169 4500
003 OSt
005 20240116155306.0
008 240116b |||||||| |||| 00| 0 eng d
020 _a9788194299998
040 _coclc
082 _a920
_bKAR/U
100 _a Karakunnu, Sheikh Mohammed
_91839
245 _aFarooq umar /
_cShaikh Muhammed Karakunnu
260 _aKerala:
_bIPH,
_c2020.
300 _a510p
942 _2ddc
_cBK
_h920
_iKAR/U
_k920
_mKAR/U
999 _c43223
_d43223